[Event "ESP-chT CECLUB Honor"]
[Site "Sestao"]
[Date "2010.08.27"]
[Round "5"]
[White "Nakamura, Hikaru"]
[Black "Alsina Leal, Daniel"]
[Result "1-0"]
[WhiteElo "2729"]
[BlackElo "2546"]
[PlyCount "127"]
[EventDate "2010.08.23"]
[EventType "team-tourn"]
[EventRounds "7"]
[EventCountry "ESP"]
[SourceTitle "CBM 138"]
[Source "ChessBase"]
[SourceDate "2010.09.17"]
[SourceVersion "1"]
[SourceVersionDate "2010.09.17"]
[SourceQuality "1"]

1. g3 e5 2. Bg2 d5 3. d3 Nf6 4. Nf3 Nc6 5. a3 a5 ({RR} 5... Bd6 6. Bg5 Be6 7. Nfd2 Be7 8. c4 dxc4 9. dxc4 Qd7 10. Nc3 Rd8 11. O-O h6 12. Bxf6 Bxf6 13. Nd5 Bg5 14. Ne4 Be7 15. Qa4 O-O 16. e3 f5 17. Nec3 Bd6 18. Rad1 Qf7 19. Qb5 e4 20. c5 {Nakamura,H (2770)-Meier,G (2656) Dortmund 2011 1-0 (34)}) 6. c4 ({RR} 6. b3 Bd6 7. Bb2 O-O 8. Nc3 Re8 9. O-O Bf8 10. h3 h6 11. e4 dxe4 12. dxe4 Nd4 13. Nxd4 exd4 14. Nd5 c5 15. Nxf6+ Qxf6 16. a4 Bd7 17. f4 Qg6 18. Qd3 Qa6 19. Qxa6 Rxa6 20. Rfe1 g5 {Ten Hertog,H (2528)-Garner,I (2377) Karlsruhe GER 2025 ½-½ (37)}) 6... Be7 7. Nc3 $146 ({RR} 7. O-O O-O 8. Nc3 Re8 9. cxd5 Nxd5 10. d4 exd4 11. Nxd4 Nxc3 12. bxc3 Nxd4 13. cxd4 Bf6 14. Be3 Ra6 15. Rb1 Rd6 16. d5 Rxe3 17. fxe3 Be5 18. Qa4 b6 19. Qe4 f6 20. Rbc1 Bb2 21. Rxc7 Bxa3 {Popovic,D (2557)-Csonka,A (2378) Lienz 2011 1-0}) 7... d4 8. Na4 O-O 9. O-O Re8 10. Rb1 Bf8 11. Bg5 h6 12. Bxf6 Qxf6 13. Nd2 Qd8 14. Nb3 Nb8 15. e3 c6 16. exd4 exd4 17. Re1 Rxe1+ 18. Qxe1 Ra7 19. Qe5 Qd6 20. Qxd4 Qxd4 21. Nxd4 Nd7 22. Re1 Nf6 23. h3 Bd7 24. Nc3 Ra8 25. Rd1 Bd6 26. Nb3 Be6 27. Nd4 Bd7 28. Nc2 Rd8 29. d4 Bc7 30. b4 axb4 31. axb4 Ra8 32. c5 Ra7 33. Bf1 b6 34. Bg2 Kf8 35. Rc1 bxc5 36. bxc5 Rb7 37. Rb1 Rxb1+ 38. Nxb1 Ba5 39. Nba3 Nd5 40. Nc4 Bc3 41. Bxd5 cxd5 42. N4e3 Bc6 43. Kg2 h5 44. Kf3 Ke7 45. Ng2 g6 46. Nf4 Kd7 47. Ke3 Ba5 48. Na3 Bd8 49. Nc2 Ba5 50. Nd3 Ba4 51. Ncb4 Bb3 52. Ne5+ Ke6 53. Nec6 Bc7 54. Na6 Kd7 55. Nxc7 Kxc6 56. Ne8 Kd7 57. Nd6 f6 58. Kf4 Bc2 59. h4 Bd3 60. f3 Be2 61. g4 Ke6 62. g5 fxg5+ 63. Kxg5 Bd3 64. Ne8 1-0

[Event "ESP-chT CECLUB Honor"]
[Site "Sestao"]
[Date "2010.08.28"]
[Round "6"]
[White "Nakamura, Hikaru"]
[Black "Navara, David"]
[Result "1-0"]
[WhiteElo "2729"]
[BlackElo "2731"]
[PlyCount "75"]
[EventDate "2010.08.23"]
[EventType "team-tourn"]
[EventRounds "7"]
[EventCountry "ESP"]
[SourceTitle "CBM 138"]
[Source "ChessBase"]
[SourceDate "2010.09.17"]
[SourceVersion "1"]
[SourceVersionDate "2010.09.17"]
[SourceQuality "1"]

1. g3 d5 2. Bg2 e5 3. d3 Nf6 4. Nf3 Bd6 5. O-O O-O 6. Nbd2 c6 7. e4 Bg4 8. h3 Bh5 9. Qe1 Re8 10. Nh4 Na6 ({RR} 10... Bc7 11. Nb3 d4 12. a4 Nbd7 13. a5 a6 14. c3 c5 15. Bd2 Bd6 16. Nf5 Bf8 17. cxd4 exd4 18. f4 Bg6 19. Nh4 h6 20. Nxg6 fxg6 21. Rc1 Rc8 22. Rc4 b5 23. Rc1 Nb8 24. e5 Qc7 25. Qf2 {Cervelli,E (1948)-Pelizzari,L Basel SUI 2024 1-0 (35)}) 11. a3 Nc5 12. b3 ({RR} 12. Nf5 Bf8 13. Kh1 Bg6 14. Nh4 Qc7 15. Nxg6 hxg6 16. b3 Ne6 17. Nf3 dxe4 18. dxe4 Nd4 19. Nxd4 exd4 20. Qe2 Qd7 21. Bg5 Qe6 22. Rfe1 a5 23. Qd3 Bc5 24. Kh2 Nd7 25. f4 f6 26. Bh4 Be7 {Grischuk,A (2764)-Fressinet,L (2700) Beijing 2012 1-0 (43)}) 12... dxe4 $146 ({RR} 12... Bf8 13. Bb2 dxe4 14. dxe4 Nfd7 15. a4 f6 16. Nf5 Qc7 17. Ne3 Rad8 18. f3 Ne6 19. Rf2 Bc5 20. Bf1 Ndf8 21. Kg2 Rd7 22. a5 Red8 23. c3 Ng5 24. Ndc4 Nfe6 25. b4 Bf8 26. h4 Nxf3 27. Rxf3 {Neves,P (2155)-Grandadam,P (2189) Burdur 2010 1-0 (50)}) 13. dxe4 b5 14. Bb2 Ne6 15. Ndf3 Bxf3 16. Nxf3 Qc7 17. Qe2 a6 18. Rfd1 c5 19. c3 Qc6 20. Ne1 Bc7 21. Nc2 Ng5 22. h4 Ne6 23. Ne3 Nf8 24. c4 Rab8 25. Rac1 Ne6 26. Nd5 Nd4 27. Bxd4 exd4 28. b4 cxb4 29. Nxb4 Qd6 30. cxb5 axb5 31. Nc6 Rbc8 32. Nxd4 Qxa3 33. Bh3 Rxe4 34. Qc2 Bxg3 35. Qxc8+ Re8 36. Qf5 Bxh4 37. Qf3 Qb4 38. Qf4 1-0

[Event "Shanghai Masters playoff"]
[Site "Shanghai"]
[Date "2010.09.08"]
[Round "2"]
[White "Aronian, Levon"]
[Black "Kramnik, Vladimir"]
[Result "1-0"]
[WhiteElo "2783"]
[BlackElo "2780"]
[Annotator "ChessBase"]
[PlyCount "118"]
[EventDate "2010.09.08"]
[EventType "match (rapid)"]
[EventRounds "3"]
[EventCountry "CHN"]
[SourceTitle "CBM 138"]
[Source "ChessBase"]
[SourceDate "2010.09.17"]
[SourceVersion "1"]
[SourceVersionDate "2010.09.17"]
[SourceQuality "1"]

1. Nf3 {Horn,Peter} d5 2. g3 c6 3. Bg2 Bg4 4. O-O Nd7 5. d3 e5 6. Qe1 Ngf6 7. e4 dxe4 8. dxe4 Bc5 9. Nbd2 O-O 10. h3 Bh5 11. Nc4 Re8 12. Nh4 b5 13. Na5 Qc7 14. a4 Bb6 ({RR} 14... Nb6 15. Qc3) 15. Nb3 a6 16. Bg5 c5 ({RR} 16... h6 17. Bd2) 17. a5 Ba7 18. c4 Rab8 ({RR} 18... bxc4 19. Nd2) 19. Nd2 h6 20. Be3 Nf8 21. f4 ({RR} 21. g4 Bg6 22. f4 ({RR} 22. Nxg6 Nxg6) 22... exf4 23. Bxf4 Qd7 24. e5 ({RR} 24. Bxb8 Bxb8) 24... Bd3 25. Qf2 Bxf1 26. Rxf1 N6h7 27. Nf5 ({RR} 27. e6 Nxe6 28. Bxb8 Rxb8) 27... Ng6 ({RR} 27... Ne6 28. Bxh6 gxh6 29. Nxh6+ Kg7 30. Qxf7+ Qxf7 31. Rxf7+ Kxh6 32. Rxa7) 28. Nd6 ({RR} 28. Bxh6 gxh6 29. Nxh6+ Kg7 30. Qxf7+ Qxf7 31. Rxf7+ Kxh6 32. Rxa7) 28... Rxe5 ({RR} 28... Nxf4 29. Qxf4 Rf8) 29. Bxe5 Nxe5 30. N2e4 bxc4 31. Qe2 Ng5 32. Rd1 Ne6 33. Nf2 Ng6 34. Qxc4 Rxb2 35. Qc1 ({RR} 35. Qxa6 c4) 35... Ra2 {Aronian,L (2528)-Korobov,A (2401) Ohrid 2001 CBM 084 [Horn,Peter] ½-½ (51)}) ({RR} 21. f3 Red8 22. Qf2) 21... exf4 22. Bxf4 $146 ({RR} 22. gxf4 Ne6 23. e5 Nd7 24. Qg3 Ndf8 25. Ne4 Kh8 26. Nd6 Nd4 27. Bxd4 cxd4 28. Nhf5 Ne6 29. Nxe8 Rxe8 30. Nd6 Rb8 31. cxb5 axb5 32. f5 Ng5 33. h4 Nh7 34. Kh2 {1-0 (34) Movsesian,S (2711)-Buhmann,R (2603) Germany 2009}) 22... Qd8 23. Nf5 Ne6 24. e5 $2 (24. Bxb8 $1) 24... Nd4 $2 (24... Nxf4 25. gxf4) 25. Nd6 Re6 26. Qf2 Ne8 27. g4 Nxd6 28. exd6 Re2 29. gxh5 Rxf2 30. Rxf2 Qh4 31. Re1 Ne6 32. Bh2 bxc4 33. Re4 Qxh5 34. Nxc4 Qd1+ 35. Rf1 Qc2 36. d7 Rd8 37. Ne5 Bb8 $2 {#} 38. Nxf7 $1 Bxh2+ 39. Kxh2 Rxd7 40. Rxe6 $1 Rd2 ({If} 40... Rxf7 $2 {then} 41. Re8+ Rf8 42. Rfxf8+ Kh7 {wins.}) 41. Re8+ Kh7 42. Rg1 Qf5 43. Rf8 Qf4+ 44. Kh1 Rxg2 45. Rxg2 Qf1+ 46. Kh2 Qf4+ 47. Kg1 Qc1+ 48. Kf2 Qd2+ 49. Kf3 Qd3+ 50. Kf2 Qd2+ 51. Kg3 Qe3+ 52. Kh2 Qf4+ 53. Kg1 Qc1+ 54. Kf2 Qd2+ 55. Kf3 Qd3+ 56. Kg4 Qe4+ 57. Kg3 Qe3+ 58. Kh4 $1 {A blunder. You might ask why there is an "!" instead of the usual "?" denoting a mistake. The reason is that if he were to play the 'correct' Kh2, it would lead to a three-fold repetition which would lose the playoff on the spot. Aronian needs to prolong it by any means possible.} Qf4+ 59. Rg4 Qf2+ {Black lost on time.} 1-0

[Event "Wch Blitz final (Women)"]
[Site "Moscow"]
[Date "2010.09.18"]
[Round "21"]
[White "Stefanova, Antoaneta"]
[Black "Koneru, Humpy"]
[Result "1-0"]
[WhiteElo "2545"]
[BlackElo "2614"]
[PlyCount "167"]
[EventDate "2010.09.17"]
[EventType "tourn (blitz)"]
[EventRounds "30"]
[EventCountry "RUS"]
[EventCategory "10"]
[SourceTitle "CBM 138 Extra"]
[Source "ChessBase"]
[SourceDate "2010.10.29"]
[SourceVersion "1"]
[SourceVersionDate "2010.10.29"]
[SourceQuality "1"]

1. Nf3 Nf6 2. g3 d5 3. Bg2 c6 4. O-O Bg4 5. d3 Nbd7 6. Qe1 e5 7. e4 dxe4 8. dxe4 Bc5 9. Nbd2 O-O 10. h3 Bh5 11. a3 a5 12. b3 Qc7 ({RR} 12... Re8 13. Bb2 {½-½ (14) Grigoryan,K (2581)-Petrosian,T (2606) Yerevan 2018}) 13. Bb2 Rfe8 14. Nh4 Nf8 $146 ({RR} 14... Bg6 15. Nxg6 hxg6 16. Nc4 {½-½ (16) Itkis,B (2437)-Bulmaga,I (2277) Lvov 2009}) ({RR} 14... b5 15. Kh1 Bd6 16. Nf5 Bf8 17. a4 Bg6 18. Ne3 Nc5 19. f3 Ne6 20. Kh2 Bc5 21. c3 Rad8 22. axb5 cxb5 23. Qe2 h5 24. h4 Nf4 25. gxf4 exf4 26. Nc2 Nxe4 27. Nxe4 Rxe4 28. Qxb5 Qe7 29. Nd4 {Grigoryan,K (2550)-Harutyunian,T (2334) Yerevan 2013 ½-½ (52)}) 15. Nc4 N6d7 16. b4 axb4 17. axb4 Rxa1 18. Bxa1 Ba7 19. Nf5 f6 20. Qc3 Rd8 21. Ncd6 Nb6 22. Nb5 Qb8 23. Nxa7 Qxa7 24. Qb3+ Kh8 25. g4 Bg6 26. Ne7 Nfd7 27. Rd1 Qb8 28. Nxg6+ hxg6 29. Qd3 Re8 30. c4 Nf8 31. c5 Nc8 32. Bf1 Ne7 33. Qd2 g5 34. Bc4 Neg6 35. Bf7 Re7 36. Bxg6 Nxg6 37. Qd8+ Qxd8 38. Rxd8+ Kh7 39. Bc3 Nf4 40. Kh2 Kg6 41. Bd2 Ne6 42. Rd6 Kf7 43. Kg3 Nd4 44. Be3 Nb5 45. Rd8 Re8 46. Rd7+ Re7 47. Rd8 Ke6 48. h4 gxh4+ 49. Kxh4 g6 50. Rg8 Kf7 51. Rd8 Nc7 52. g5 f5 53. exf5 gxf5 54. Kh5 Ne6 55. g6+ Kg7 56. Bh6+ Kf6 57. Rb8 Ng7+ 58. Bxg7+ Kxg7 59. Kg5 f4 60. Rd8 f3 61. Kf5 e4 62. Rd1 e3 63. fxe3 Rxe3 64. Rd7+ Kg8 65. Kg4 f2 66. Rf7 Re4+ 67. Kg5 Rxb4 68. Rxf2 Rc4 69. Rf5 Rc1 70. Kf6 Re1 71. Rh5 Rf1+ 72. Ke6 Kg7 73. Rh7+ Kxg6 74. Rxb7 Rc1 75. Kd6 Kf6 76. Rb2 Rd1+ 77. Kxc6 Ke7 78. Kc7 Re1 79. Rd2 Re3 80. c6 Re1 81. Kc8 Rc1 82. c7 Rb1 83. Re2+ Kd6 84. Kd8 1-0

[Event "Olympiad-39"]
[Site "Khanty-Mansiysk"]
[Date "2010.09.25"]
[Round "5.4"]
[White "Pantsulaia, Levan"]
[Black "Dao, Thien Hai"]
[Result "1-0"]
[WhiteElo "2599"]
[BlackElo "2520"]
[PlyCount "81"]
[EventDate "2010.09.21"]
[EventType "team-swiss"]
[EventRounds "11"]
[EventCountry "RUS"]
[SourceTitle "CBM 139"]
[Source "ChessBase"]
[SourceDate "2010.11.18"]
[SourceVersion "1"]
[SourceVersionDate "2010.11.18"]
[SourceQuality "1"]
[WhiteTeam "Georgia"]
[BlackTeam "Vietnam"]
[WhiteTeamCountry "GEO"]
[BlackTeamCountry "VIE"]

1. Nf3 d5 2. c4 d4 3. g3 c5 4. e3 Nc6 5. exd4 cxd4 6. d3 Nf6 7. Bg2 g6 8. O-O Bg7 9. a3 a5 10. Nbd2 O-O 11. Re1 Nd7 $146 ({RR} 11... Bf5 12. Nh4 Bg4 13. Qc2 g5 14. Nhf3 h6 15. Rb1 Rc8 16. b4 axb4 17. axb4 b5 18. Qb3 bxc4 19. Nxc4 Nd5 20. b5 Rb8 21. Ba3 Nc3 22. bxc6 Rxb3 23. Rxb3 Be6 24. Rb7 Bf6 25. Nfe5 Bd5 26. Rd7 {Tomashevsky,E (2731)-Li,C (2746) Moscow 2016 1-0 (40)}) 12. Rb1 Nc5 13. Ne4 Nxe4 14. Rxe4 Qd6 15. Re1 Bg4 16. h3 Bf5 17. Ng5 Rab8 18. b4 axb4 19. axb4 b5 20. c5 Qc7 21. Bf4 e5 22. Bc1 h6 23. Ne4 Be6 24. Bd2 Ne7 25. Nd6 Rfd8 26. Qc1 Kh7 27. Ra1 Qd7 28. Kh2 Bd5 29. Ra5 Bxg2 30. Kxg2 Nc6 31. Rxb5 Rxb5 32. Nxb5 Nxb4 33. Qc4 Nc6 34. Nd6 Kg8 35. Ra1 Rf8 36. Ra6 Qc7 37. Qb5 Nd8 38. Ba5 Qe7 39. c6 Ne6 40. Bb4 Qg5 41. Ne4 1-0

[Event "Olympiad-39"]
[Site "Khanty-Mansiysk"]
[Date "2010.09.29"]
[Round "8.2"]
[White "Teterev, Vitaly"]
[Black "Gagunashvili, Merab"]
[Result "1-0"]
[WhiteElo "2511"]
[BlackElo "2598"]
[PlyCount "77"]
[EventDate "2010.09.21"]
[EventType "team-swiss"]
[EventRounds "11"]
[EventCountry "RUS"]
[SourceTitle "CBM 139"]
[Source "ChessBase"]
[SourceDate "2010.11.18"]
[SourceVersion "1"]
[SourceVersionDate "2010.11.18"]
[SourceQuality "1"]
[WhiteTeam "Belarus"]
[BlackTeam "Georgia"]
[WhiteTeamCountry "BLR"]
[BlackTeamCountry "GEO"]

1. Nf3 {Horn,Peter} d5 2. g3 c6 3. Bg2 Nf6 4. O-O Bg4 5. d3 Nbd7 6. Nbd2 e5 7. e4 Be7 ({RR} 7... Bd6) ({RR} 7... dxe4 8. dxe4 Be7) 8. h3 ({RR} 8. Qe2 O-O 9. h3 Bh5 10. Re1 Re8 11. b3 a5 12. a4 Bb4 13. Bb2 Qc7 14. Rad1 d4 15. Kh1 b5 16. Rg1 Nb6 17. Ra1 bxa4 18. bxa4 c5 19. g4 Bg6 20. Nh4 Qc6 21. Bc1 Nxa4 22. Nf5 Rab8 {Roebers,E (2381)-Schulze,L (2266) Monaco MNC 2025 1-0 (54)}) 8... Bxf3 ({RR} 8... Bh5 9. Qe1 Qc7 10. Nh4 O-O 11. Nf5 Bc5 12. Nb3 Bb6 13. a4 a5 14. Be3 Rfe8 15. Kh1 dxe4 16. dxe4 Bg6 17. Bxb6 Nxb6 18. Nh4 ({RR} 18. Nxa5 Bxf5 ({RR} 18... Nxa4 19. Rxa4 b6) 19. exf5 e4) 18... Nc4 19. Qc3 b5 ({RR} 19... Nd6) 20. Rfe1 Qb6 21. Kg1 Red8 ({RR} 21... Bh5) 22. Nxg6 hxg6 23. Bf1 {Vaganian,R (2625)-Kaidanov,G (2645) Glendale 1994 CBM 042 [Horn,Peter] 1-0 (41)}) 9. Nxf3 $146 ({RR} 9. Qxf3 O-O 10. exd5 cxd5 11. c4 Nb6 12. cxd5 Rc8 13. d6 Qxd6 14. Qxb7 Nfd7 15. Nb3 Rc7 16. Qa6 f5 17. d4 g5 18. Qe2 f4 19. Bd2 exd4 20. Rae1 Rf7 21. gxf4 gxf4 22. Qg4+ Rg7 23. Qxf4 Rc2 {Zhou,J (2606)-Wang,C (2529) Zaozhuang 2015 ½-½ (42)}) 9... dxe4 10. dxe4 Nxe4 11. Nxe5 Nxe5 12. Bxe4 Qxd1 13. Rxd1 O-O 14. b3 Rfd8 15. Bf4 Bf6 16. Rab1 Ng6 17. Be3 Nf8 18. b4 a6 19. a4 Ne6 20. Bb6 Rxd1+ 21. Rxd1 Re8 22. Bg2 Kf8 23. c4 Bd8 24. Be3 Bc7 25. Rb1 Rb8 26. Kf1 Ke7 27. h4 g6 28. Bf3 Rd8 29. b5 Nd4 30. bxa6 bxa6 31. Rb7 Nxf3 32. Rxc7+ Ke6 33. Rxc6+ Kf5 34. Kg2 Ne1+ 35. Kf1 Nc2 36. Ke2 Nxe3 37. Kxe3 Re8+ 38. Kf3 Re5 39. g4# 1-0

[Event "ISL-chT 1011"]
[Site "Reykjavik"]
[Date "2010.10.08"]
[Round "1.1"]
[White "Kuzubov, Yuriy"]
[Black "Kulaots, Kaido"]
[Result "1-0"]
[WhiteElo "2628"]
[BlackElo "2592"]
[PlyCount "79"]
[EventDate "2010.10.08"]
[EventType "team-tourn"]
[EventRounds "9"]
[EventCountry "ISL"]
[SourceTitle "EXT 2012"]
[Source "ChessBase"]
[SourceDate "2011.11.24"]
[SourceVersion "1"]
[SourceVersionDate "2011.11.24"]
[SourceQuality "1"]
[WhiteTeam "TB"]
[BlackTeam "Fjolnir"]
[WhiteTeamCountry "ISL"]
[BlackTeamCountry "ISL"]

1. Nf3 Nf6 2. g3 b5 3. Bg2 Bb7 4. O-O e6 5. d3 Be7 6. e4 d6 7. a4 b4 8. Nbd2 O-O ({RR} 8... a5 9. Nc4 Nbd7 10. Re1 O-O 11. h3 c5 12. Nfd2 d5 13. exd5 Bxd5 14. Nb3 Bxg2 15. Kxg2 Qc8 16. Qf3 Bd8 17. Bf4 Bc7 18. Bxc7 Qxc7 19. Re2 Nd5 20. h4 Ra6 21. Nbd2 N5b6 22. h5 h6 23. b3 {Firouzja,A (2760)-Bartel,M (2629) chess.com INT 2025 1-0 (58)}) 9. Nc4 Nc6 $146 ({RR} 9... c5 10. Bf4 Nc6 11. Re1 e5 12. Bd2 Nd7 13. Qe2 Nb6 14. b3 Bc8 15. Be3 Bg4 16. h3 Be6 17. Kh2 Qd7 18. Nfd2 f5 19. exf5 Rxf5 20. Nxb6 axb6 21. Nc4 Qc7 22. f4 exf4 23. Bxf4 Nd4 24. Qd2 {Vivekananthan,A (2130)-Baker,V (2278) Charlotte 2019 ½-½ (73)}) ({RR} 9... c5 10. Re1 Nc6 11. Bf4 Rc8 12. e5 dxe5 13. Nfxe5 Nd5 14. Nxc6 Bxc6 15. Be5 Bf6 16. Qe2 Bxe5 17. Qxe5 Qc7 18. f4 Nb6 19. Qxc7 {½-½ (19) Beradze,I (2486)-Aleksandrov,A (2594) Nakhchivan 2017}) 10. a5 a6 11. Re1 Rb8 12. Bd2 Ba8 13. Re2 Rb5 14. Qe1 d5 15. exd5 Qxd5 16. Qf1 Qh5 17. h3 Bd6 18. g4 Nxg4 19. hxg4 Qxg4 20. Re4 Qg6 21. Qe2 e5 22. Ne3 Be7 23. Rg4 Qe6 24. Bh3 Qf6 25. Nf5 g6 26. Nxe7+ Qxe7 27. Re1 f5 28. Rh4 Qf6 29. Bg2 f4 30. c3 Rbb8 31. d4 bxc3 32. Bxc3 exd4 33. Qc4+ Rf7 34. Re6 Qf5 35. Nxd4 Qg5 36. Nf3 Qf5 37. Rxc6 Bxc6 38. Qxc6 h5 39. Bh3 Qb1+ 40. Kg2 1-0

[Event "Bundesliga 1011"]
[Site "Germany"]
[Date "2010.11.13"]
[Round "3.5"]
[White "Appel, Ralf"]
[Black "Meier, Georg"]
[Result "1-0"]
[WhiteElo "2547"]
[BlackElo "2659"]
[PlyCount "99"]
[EventDate "2010.10.09"]
[EventType "team-tourn"]
[EventRounds "15"]
[EventCountry "GER"]
[SourceTitle "EXT 2012"]
[Source "ChessBase"]
[SourceDate "2011.11.24"]
[SourceVersion "1"]
[SourceVersionDate "2011.11.24"]
[SourceQuality "1"]
[WhiteTeam "Wattenscheid"]
[BlackTeam "Baden-Baden"]
[WhiteTeamCountry "GER"]
[BlackTeamCountry "GER"]

1. Nf3 {Meulders,Richard} Nf6 2. g3 d5 3. Bg2 Bf5 4. O-O e6 5. d3 Be7 6. Nbd2 O-O 7. Qe1 h6 8. e4 Bh7 9. Qe2 ({RR} 9. e5 Nfd7 10. a4 c5 11. Qe2 Nc6 12. c3 Qc7 13. Re1 a6 14. h4 b5 15. Nf1 Rab8 16. axb5 axb5 17. N1h2 b4 18. Ng4 bxc3 19. bxc3 Rb3 20. Bxh6 Rxc3 21. Bxg7 Kxg7 22. Qd2 Rxd3 23. Qh6+ Kh8 {Zheenbekov,N (2091)-San Thit Lwin (2242) chess.com INT 2024 1-0 (31)}) 9... a5 ({RR} 9... Nfd7 10. Ne1 Nc5 11. Nb3 Nc6 12. Be3 Na4 13. c3 Bf6 14. f4 d4 15. cxd4 Nxd4 16. Qf2 c5 ({RR} 16... e5 17. Bxd4 exd4 18. e5 Be7 19. Bxb7 Rb8 20. Bc6 Nc5 21. Nxc5 Bxc5 22. Rc1 Bb4 23. a3 Bxe1 24. Rfxe1 Bxd3 25. Red1 Bf5 26. Rxd4) 17. e5 Be7 18. Bxb7 Rb8 19. Be4 Nf5 20. Rc1 Kh8 ({RR} 20... Nxe3 21. Bxh7+ Kxh7 22. Qxe3 Qd5 ({RR} 22... Nxb2 23. Rf2 Na4 24. Qe4+) 23. Rf2 Rfd8) 21. Rc2 c4 22. Rxc4 ({RR} 22. Bxf5 Bxf5 23. Rxc4) 22... Nxb2 23. Rc1 a5 ({RR} 23... Nxe3 24. Qxe3 Bxe4 25. Qxe4 Qd5 26. Qxd5 exd5 27. Rc7 Bd8 28. Rd7 Bb6+ 29. Kg2 Rbd8 30. Re7 Kg8 31. d4 Rfe8) 24. Ba7 {Chuchelov,V (2525)-Kuijf,M (2475) Antwerp 1998 CBM 063 [Meulders,Richard] 1-0 (38)}) 10. Re1 Nc6 $146 ({RR} 10... Re8 11. Ne5 c5 12. Nf1 d4 13. a4 Nfd7 14. Nc4 Nc6 15. f4 Rb8 16. Kh1 Nb6 17. Nxb6 Qxb6 18. Nd2 Qc7 19. Nc4 Kh8 20. Rg1 Na7 {½-½ (20) Ilic,S (2026)-Andrejic,V (2287) Palic 2016}) 11. e5 Nd7 12. Nf1 b5 13. h4 b4 14. Bf4 a4 15. a3 bxa3 16. bxa3 Rb8 17. Qd2 Rb6 18. h5 Qa8 19. Ne3 Qa5 20. Qc1 Rfb8 21. Ng4 Rb2 22. Bxh6 gxh6 23. Nxh6+ Kg7 24. Qf4 Rf8 25. Ng5 Bxg5 26. Qxg5+ Kh8 27. Ng4 Rg8 28. Qf4 Rg7 29. Nf6 Nxf6 30. exf6 Rg8 31. Rxe6 Qc5 32. Rae1 Rbb8 33. R6e3 Rbc8 34. Bh3 d4 35. R3e2 Rcf8 36. Bd7 Nd8 37. Re5 Qxc2 38. Bf5 Bxf5 39. Rxf5 Kh7 40. Qe4 Qd2 41. Re2 Qc1+ 42. Kh2 Kh6 43. Re1 Qxa3 44. Re5 Qd6 45. Qf4+ Kh7 46. Qf5+ Kh6 47. g4 Rxg4 48. Qxg4 Qxf6 49. Rf5 Qd6+ 50. f4 1-0

[Event "Bundesliga 1011"]
[Site "Germany"]
[Date "2010.11.14"]
[Round "4.1"]
[White "Berkes, Ferenc"]
[Black "Bartel, Mateusz"]
[Result "1-0"]
[WhiteElo "2678"]
[BlackElo "2599"]
[PlyCount "93"]
[EventDate "2010.10.09"]
[EventType "team-tourn"]
[EventRounds "15"]
[EventCountry "GER"]
[SourceTitle "EXT 2012"]
[Source "ChessBase"]
[SourceDate "2011.11.24"]
[SourceVersion "1"]
[SourceVersionDate "2011.11.24"]
[SourceQuality "1"]
[WhiteTeam "Eppingen"]
[BlackTeam "Wattenscheid"]
[WhiteTeamCountry "GER"]
[BlackTeamCountry "GER"]

1. Nf3 f5 2. g3 g6 3. Bg2 Bg7 4. O-O Nf6 5. b3 c5 $146 ({RR} 5... O-O 6. Bb2 d6 7. c4 e5 8. d3 Nc6 9. Nc3 f4 10. a3 fxg3 11. hxg3 Bg4 12. Nd5 Nxd5 13. cxd5 Nd4 14. Bxd4 exd4 15. Rc1 Rf7 16. Qd2 Bxf3 17. Bxf3 Qd7 18. Rc4 Qh3 19. Qg5 Bf6 20. Qg4 {Gregory,K (2035)-Goodger,M (2114) England 2014 ½-½}) ({RR} 5... O-O 6. Bb2 a5 7. a3 d6 8. d4 a4 9. b4 b5 10. Nbd2 Bb7 11. c4 bxc4 12. Nxc4 Bd5 13. Ne3 Be4 14. Rc1 f4 15. Nc4 fxg3 16. hxg3 Qd7 17. Ncd2 Bxf3 18. Nxf3 c6 19. Qc2 Qg4 20. Nh2 {Grandelius,N (2651)-Hauge,L (2483) chess24.com INT 2020 1-0}) ({RR} 5... O-O 6. Bb2 d6 7. c4 e5 8. d3 c6 9. Re1 Be6 10. Qc2 Nbd7 11. Nbd2 h6 12. e3 a5 13. Rad1 Qe7 14. h3 Nc5 15. Kh2 f4 16. exf4 Bf5 17. Ne4 Qc7 18. Nxc5 dxc5 19. Nxe5 Rad8 20. g4 {Dias,S (2105)-Gandhi,A (2012) chess.com INT 2024 0-1 (51)}) ({RR} 5... d6 6. Bb2 b5 7. c4 a6 8. Nc3 c6 9. a3 Qb6 10. Qc2 {½-½ (10) Gugelmann,R-Sterkman,C Muerren 1979}) 6. Bb2 O-O 7. c4 Nc6 8. e3 e6 9. d4 Ne4 10. Nc3 d5 11. Rc1 b6 12. dxc5 dxc4 13. Nd4 Nxd4 14. Nxe4 Nf3+ 15. Qxf3 Bxb2 16. Rcd1 Qe7 17. Nd6 Ba6 18. Qe2 Ba3 19. Bxa8 Rxa8 20. Qf3 Rf8 21. Nxc4 Bxc5 22. Qc6 Bb7 23. Qd7 Bd5 24. Rxd5 exd5 25. Qxd5+ Qf7 26. Rd1 Qxd5 27. Rxd5 Rf7 28. a4 Rc7 29. h3 Kf7 30. Rd8 Ke6 31. Kf1 Be7 32. Rd2 Bb4 33. Rd8 Be7 34. Rd2 Bb4 35. Rc2 a6 36. Ke2 b5 37. axb5 axb5 38. Na3 Rb7 39. Nb1 Ra7 40. Nd2 Be7 41. Nf3 Bf6 42. Rc6+ Kf7 43. Rb6 Ra2+ 44. Kf1 Ra5 45. b4 Ra1+ 46. Kg2 Rb1 47. Rxb5 1-0

[Event "Bundesliga 1011"]
[Site "Germany"]
[Date "2011.03.20"]
[Round "13.5"]
[White "McShane, Luke J"]
[Black "Nikolic, Predrag"]
[Result "1-0"]
[WhiteElo "2657"]
[BlackElo "2597"]
[PlyCount "121"]
[EventDate "2010.10.09"]
[EventType "team-tourn"]
[EventRounds "15"]
[EventCountry "GER"]
[SourceTitle "EXT 2012"]
[Source "ChessBase"]
[SourceDate "2011.11.24"]
[SourceVersion "1"]
[SourceVersionDate "2011.11.24"]
[SourceQuality "1"]
[WhiteTeam "Werder Bremen"]
[BlackTeam "Solingen"]
[WhiteTeamCountry "GER"]
[BlackTeamCountry "GER"]

1. g3 d5 2. Nf3 g6 3. c4 d4 4. b4 Bg7 5. d3 e5 6. Bg2 Ne7 7. O-O O-O 8. Nbd2 a5 9. b5 c5 10. bxc6 Nexc6 11. Ba3 Re8 12. Ne1 Na6 13. Nc2 Nab4 14. Bxb4 Nxb4 15. Nxb4 $146 ({RR} 15. Na3 Na6 16. Nb5 Nc5 17. Nb3 Bf8 18. a4 Rb8 19. Ra2 Bd7 20. Nd2 Bc6 21. Nf3 Qd7 22. Re1 Rbd8 23. Qa1 b6 24. Qc1 Bg7 25. Rd1 Qb7 26. h4 h6 27. Qa3 f5 28. Ne1 e4 29. dxe4 fxe4 {Sestjakov,S (2312)-Kalinin,A (2444) Moscow 2001 ½-½ (45)}) 15... axb4 16. c5 Bf8 17. Nb3 Qc7 18. Qd2 Ra4 19. Rac1 Be6 20. c6 b6 21. e3 Bh6 22. Rc2 dxe3 23. fxe3 Ra3 24. Kh1 Qd6 25. d4 e4 26. Bxe4 Ra7 27. d5 Bc8 28. Bf3 Bxe3 29. Qd1 Rae7 30. Re1 Re5 31. Kg2 h5 32. Nd2 b5 33. Nf1 Ba7 34. Rxe5 Rxe5 35. Nd2 Rxd5 36. Bxd5 Qxd5+ 37. Qf3 Qd4 38. Qf1 h4 39. h3 hxg3 40. Nf3 Qf4 41. Re2 Be6 42. Rxe6 fxe6 43. Qd3 Bb8 44. Qxg6+ Kf8 45. Qxe6 Kg7 46. Qe7+ Qf7 47. Qd7 Kg6 48. Qxf7+ Kxf7 49. Nd4 Be5 50. Nxb5 Ke7 51. h4 Ke6 52. h5 Ke7 53. h6 Ke6 54. h7 Ke7 55. Nc7 Kd6 56. Nd5 Kxc6 57. Nxb4+ Kb5 58. Nd3 Bh8 59. Kxg3 Ka4 60. Kg4 Ka3 61. Nc1 1-0

[Event "Corsica Masters op 14th"]
[Site "Bastia"]
[Date "2010.10.28"]
[Round "7"]
[White "Fressinet, Laurent"]
[Black "Malaniuk, Vladimir P"]
[Result "1-0"]
[WhiteElo "2718"]
[BlackElo "2527"]
[PlyCount "41"]
[EventDate "2010.10.24"]
[EventType "swiss"]
[EventRounds "7"]
[EventCountry "FRA"]
[SourceTitle "EXT 2011"]
[Source "ChessBase"]
[SourceDate "2010.11.26"]
[SourceVersion "1"]
[SourceVersionDate "2010.11.26"]
[SourceQuality "1"]

1. Nf3 f5 2. d3 d6 3. e4 e5 4. Nc3 Nc6 5. exf5 Bxf5 6. d4 Nxd4 7. Nxd4 exd4 8. Qxd4 c6 9. Bf4 Bxc2 10. Kd2 Bg6 11. Re1+ Kd7 12. g3 Qb6 13. Bh3+ Kc7 $146 ({RR} 13... Kd8 14. Bg5+ Kc7 15. Nd5+ {1-0 (15) Seel,C (2315)-Horstmann,O Bad Wiessee 2003}) 14. Bxd6+ Bxd6 15. Qxg7+ Kb8 16. Kc1 Qxf2 17. Ne4 Bf4+ 18. gxf4 Qxf4+ 19. Nd2 Qf6 20. Qd7 Qf8 21. Re8+ 1-0